| 000 | 00000nas 2200000za 4500 |
| 001 | 9.807000 |
| 003 | CaOODSP |
| 005 | 20221107140031 |
| 007 | cr ||||||||||| |
| 008 | 151203d20142014oncar p o f0 a0eng|d |
| 022 | |a2369-7733 |
| 040 | |aCaOODSP|beng |
| 043 | |an-cn--- |
| 086 | 1 |aEn81-24E-PDF |
| 222 | 0|aOverview of reviewed facility-reported data |
| 245 | 00|aOverview of reviewed facility-reported data |h[electronic resource]. |
| 260 | |a[Ottawa] : |bNational Pollutant Release Inventory, |cc2015. |
| 310 | |aAnnual |
| 362 | 0 |aBegan and ceased with 2014. |
| 500 | |aIssued also in French under title: Aperçu des données déclarées et révisées. |
| 692 | 07|2gccst|aPollution control |
| 710 | 2 |aNational Pollutant Release Inventory (Canada) |
| 710 | 1 |aCanada. |bEnvironment and Climate Change Canada. |
| 775 | 08|tAperçu des données déclarées et révisées |w(CaOODSP)9.807005 |
| 785 | 00|tSummary report : |w(CaOODSP)9.833100 |